000 00848 a2200169 4500
003 Nust
005 20221209100643.0
040 _cNust
082 _a150.28,TAB
100 _aTabish, Muhammad Iqbal
_9104532
245 _aIntelligence and psychological test /
_cMuhammad Iqbal Tabish
260 _aLahore
_bFaridi
_c2012
300 _a328 p.
505 _aTheory of intelligence (Page-13), Measurement of intelligence and its types (Page-24), Intelligence and psychological tests (Page-29), Measurement of memory and g knowledge test (Page-146), Language proficiency test (Page-159), Looking at personality through psychological lenses (Page-199), Personality assessment test (Page-209), Group discussion (Page-233), Command task (Page-250), Pictorial test (Page-277).
650 _aIntelligence and psychological test
_9104533
942 _2ddc
_cBK
999 _c190884
_d190884